| 000 | 00649nam a2200217 i 4500 | ||
|---|---|---|---|
| 001 | 137064 | ||
| 003 | ES-MaACL | ||
| 005 | 20240508105949.0 | ||
| 007 | t| | ||
| 008 | 070214s1980 sp |||| | spa d | ||
| 100 | 1 |
_aSalvador, Álvaro. _9138452 |
|
| 245 | 1 | 4 |
_aLas cortezas del fruto _b: 1973-1979 / _cÁlvaro Salvador ; prólogo de Juan Carlos Rodríguez. |
| 260 |
_aMadrid : _bAyuso, _c1980. |
||
| 300 |
_a80 p. ; _c20 cm. |
||
| 490 | 1 |
_aEndymión ; _v19 |
|
| 700 | 1 |
_aRodríguez, Juan Carlos, _d1944- _9161726 |
|
| 830 | 0 |
_aEndymión ; _v19 _9178235 |
|
| 852 |
_aES-MaACL _jL-4580 |
||
| 942 | _2udc | ||
| 999 |
_c137064 _d137064 |
||